| 000 | 00697nam a22002297a 4500 | ||
|---|---|---|---|
| 005 | 20170124110009.0 | ||
| 010 | _aA-260778 | ||
| 020 | _c00.00 | ||
| 035 | _aA-260778 | ||
| 037 | _bCen Lib/Ret | ||
| 040 |
_aDPL _bEN |
||
| 082 |
_a364.150954 _bDAH |
||
| 100 |
_aDahiya, Jagbir S. _917349 |
||
| 245 |
_alaw of homocide in india / _cby Jagbir S. Dahiya |
||
| 260 |
_bDeep & Deep Publications _aNew Delhi _c1985 |
||
| 270 |
_bNew Delhi _aD-1/24, Rajouri Garden _e110027 |
||
| 300 |
_a215p. _c21cm(Hb) |
||
| 500 | _aIncludes bibliographical references and index | ||
| 650 |
_aHindu law _911016 |
||
| 650 |
_aHomicide _zIndia _917350 |
||
| 942 |
_2ddc _cEN _h364.150954 _mDAH |
||
| 999 |
_c126366 _d126366 |
||